| 000 | 01325cas a2200349 a 4500 | ||
|---|---|---|---|
| 001 | 11453597 | ||
| 005 | 20040314174718.0 | ||
| 008 | 950131s1995enkar |r 101 0 eng | ||
| 010 | _a 95645948 | ||
| 020 | _a0412636301 | ||
| 020 | _a9780412636301 | ||
| 035 | _a(OCoLC)ocm31911596 | ||
| 040 |
_aDLC _cDLC _dMiU _dOCoLC |
||
| 042 | _alc | ||
| 050 | 0 | 0 |
_aTA658.8 _b.I45a |
| 082 | 0 | 0 |
_a624.17 _222 _bREL |
| 111 | 2 |
_aIFIP WG 7.5 Working Conference. _927635 |
|
| 245 | 1 | 0 |
_aReliability and optimization of structural systems : _bProceedings of the Sixth IFIP WG7.5 working conference on Reliability and Optimization of Structural Systems, 1994 / _cEdited by Rudiger Rackwitz; Guiliano Augusti; Antonio Borri |
| 260 |
_aLondon : _bChapman & Hall, 1995. _c1995 |
||
| 300 |
_avii, 312 p. : _bill. ; _c24 cm. |
||
| 310 | _aAnnual | ||
| 362 | 0 | _aLst (1987)- | |
| 590 | _aSERBIB/SERLOC merged record | ||
| 650 | 0 |
_aStructural optimization _vCongresses. _927636 |
|
| 650 | 0 |
_aReliability (Engineering) _vCongresses. _927637 |
|
| 653 |
_bCiv _cOctober2011 |
||
| 700 |
_927638 _aAugusti, Guiliano |
||
| 700 |
_927639 _aBorri, Antonio |
||
| 942 |
_2ddc _cBB |
||
| 999 |
_c16172 _d16172 |
||